000 01224nam a2200301 c 4500
003 BLK
005 20180422111020.0
008 180409b bul|||||r ||||||| ||bul||
010 _aKNG00130134000
040 _aBLK
041 _aBUL
_cBUL
080 _aБългарска литература
_b821.163.2
_x-93-32
_z821.163.2-93-32
100 1 _aБобев, Петър
_eпърви автор
_gПетров, Петър Бобев
_9246905
700 1 _aКьосев, Иван
_eхудож.
_9367385
700 1 _aПетров, Петър Бобев
_e*
_9318763
139 _aБобев, Петър
_bБ 52
245 1 0 _aКактуси
_bРазкази за юноши
_cПетър Бобев; худож. Иван Кьосев; * Петър Бобев Петров.
257 _aBGR
260 София
_bНар. култура
_c1961
300 _a124 с.
_bс ил.
_c25 см
380 _aDX
500 _aПълното име на автора е Петър Бобев Петров. - 8 080 тир.
852 _aЦб 18611
856 4 _qpdf
_u
856 4 _qpdf
_u
942 _cKNG
_n0
944 _aCR
_c26.04.2012
_l26.04.2012 - от С1,Р / 26.04.2012
_kПролет_Жекова
944 _aED
_c26.04.2012
_l26.04.2012 - от С1,Р / 26.04.2012
_k
999 _c124468
_d124468